Federalism in Nigeria (Record no. 8434)

000 -LEADER
fixed length control field 00329pab a2200133 454500
008 - FIXED-LENGTH DATA ELEMENTS--GENERAL INFORMATION
fixed length control field 180718b1991 xxu||||| |||| 00| 0 eng d
100 ## - MAIN ENTRY--PERSONAL NAME
Personal name Inamete, Ufot B.
245 ## - TITLE STATEMENT
Title Federalism in Nigeria
Remainder of title The crucial dynamics
260 ## - PUBLICATION, DISTRIBUTION, ETC.
Date of publication, distribution, etc. 1991
300 ## - PHYSICAL DESCRIPTION
Extent 191-207
650 ## - SUBJECT ADDED ENTRY--TOPICAL TERM
Topical term or geographic name entry element Federalism - Nigeria
773 ## - HOST ITEM ENTRY
Main entry heading Round Table
909 ## -
-- 8434
Holdings
Withdrawn status Lost status Damaged status Not for loan Permanent Location Current Location Date acquired Serial Enumeration / chronology Barcode Date last seen Price effective from Koha item type
        Indian Institute of Public Administration Indian Institute of Public Administration 2018-07-19 Volume no: 318, AR8448 2018-07-19 2018-07-19 Articles

Powered by Koha